| 000 | 00874cam a22002895a 4500 | ||
|---|---|---|---|
| 001 | 015995383 | ||
| 003 | EG-ScBUE | ||
| 005 | 20220331130320.0 | ||
| 008 | 111216s2012 enk f 000 1 eng d | ||
| 020 | _a9780330545006 (pbk.) | ||
| 040 |
_aStDuBDS _beng _erda _cStDuBDS _dUk _dEG-ScBUE |
||
| 082 | 0 | 4 |
_222 _a823.92 _bMIL |
| 100 | 1 |
_aMillar, Louise, _eauthor. _940253 |
|
| 245 | 1 | 4 |
_aThe playdate / _cLouise Millar. |
| 264 | 1 |
_aLondon : _bPan Books, _c2012. |
|
| 300 |
_a406 pages ; _c20 cm |
||
| 336 |
_2rdacontent _atext _btxt |
||
| 337 |
_2rdamedia _aunmediated _bn |
||
| 338 |
_2rdacarrier _avolume _bnc |
||
| 650 | 7 |
_aSingle mothers _vFiction. _2BUEsh _940209 |
|
| 650 | 7 |
_aFriendship _vFiction. _2BUEsh _940254 |
|
| 651 | _2BUEsh | ||
| 653 |
_cJune2016 _bHHUUEENN |
||
| 655 |
_vReading book _934232 |
||
| 942 |
_2ddc _cBB |
||
| 999 |
_c21920 _d21892 |
||